| 000 | 00435cam a2200169ua 4500 | ||
|---|---|---|---|
| 020 | _c7.00 | ||
| 041 |
_aeng _h |
||
| 082 |
_a691.328 _bIND/SP |
||
| 100 | _aIndian Standard Institution, . | ||
| 245 | 0 | 0 | _aspecification for asbestos cement flat sheets,IS:2096-1966 |
| 260 |
_aNew Delhi : _bIndian Standards Institution , _c1982. |
||
| 300 | _a14 ; . | ||
| 365 | _a7.00 | ||
| 504 | _a | ||
| 942 | _cBK | ||
| 999 |
_c4513 _d4513 |
||